000 00810nam a2200265Ia 4500
003 OSt
005 20221006153514.0
006 a|||||r|||| 00| 0
007 ta
008 221006b |||||||| |||| 00| 0 eng d
020 _a0231136285
024 _a32,495
037 _bGift, Japanese Literature and Promotion Center
_cTextual
040 _aEASL
_cEASL
_beng
041 _2eng
_aeng
082 _aO42,3N03, P6
100 _aFUMIKO Hayashi
_9664298
245 0 _aFloating clouds = Ukigumo
260 _aNew York
_bColumbia University Press
_c2006
300 _a303p.
_ccm.
490 _v JEL
700 _a DUNLOP Lane Tr.
_9663664
942 _hO42,3N03, P6
_cTEXL
_2CC
999 _c1100581
_d1100581